[Event "Championnat de la Loire 22-23"]
[Site "St Etienne"]
[Date "2022.10.08"]
[Round "3.1"]
[White "Acikgoz, Tuncay"]
[Black "Appriou, Tanguy"]
[Result "1-0"]
[WhiteElo "1959"]
[BlackElo "1768"]
[PlyCount "73"]
[EventDate "2022.??.??"]

1. d4 d5 2. Nf3 Nf6 3. c4 e6 4. g3 dxc4 5. Bg2 Be7 6. O-O O-O 7. Qc2 a6 8. a4
Bd7 9. Ne5 Bc6 10. Nxc6 Nxc6 11. Qxc4 Qxd4 12. Nd2 Rab8 13. Bxc6 Qxc4 14. Nxc4
bxc6 15. Rb1 Rb4 16. b3 Nd5 17. Bd2 Rbb8 18. Ne5 Rbd8 19. Nxc6 Rd7 20. e4 Nf6
21. Nxe7+ Rxe7 22. Bb4 Rd7 23. Bxf8 Kxf8 24. f3 Rd3 25. Kg2 Rd2+ 26. Rf2 Rd3
27. Rc2 Ne8 28. Rbb2 Ke7 29. Rc6 Rd6 30. Rxd6 cxd6 31. b4 Kd7 32. b5 axb5 33.
Rxb5 Nc7 34. Rb6 d5 35. a5 d4 36. a6 d3 37. Kf2 {abandon} 1-0

[Event "Championnat de la Loire 22-23"]
[Site "St Etienne"]
[Date "2022.10.08"]
[Round "3.2"]
[White "Bumba, Ovidiu"]
[Black "Guichard, Thomas"]
[Result "1-0"]
[WhiteElo "1904"]
[BlackElo "1687"]
[PlyCount "93"]
[EventDate "2022.??.??"]

1. d4 d5 2. Nf3 Nf6 3. g3 Bf5 4. Bg2 e6 5. c4 Bb4+ 6. Bd2 Nc6 7. Bxb4 Nxb4 8.
Qa4+ Nc6 9. Ne5 O-O 10. Nxc6 Qd7 11. Nc3 Qxc6 12. Qxc6 bxc6 13. cxd5 cxd5 14.
Rc1 Rab8 15. b3 Rfc8 16. Na4 Nd7 17. Nc5 Nxc5 18. Rxc5 Rb4 19. e3 Bb1 20. Ra5
Rb7 21. Kd2 Bg6 22. Rc1 Kf8 23. Bf1 a6 24. Bxa6 Ra7 25. Bxc8 Rxa5 26. a4 Ra7
27. Bd7 Ke7 28. Bc6 Kd6 29. Bb5 f6 30. Rc6+ Ke7 31. Rc5 Rb7 32. Kc3 Kd6 33. b4
Ke7 34. a5 Be8 35. Bxe8 Kxe8 36. b5 Kd7 37. Kb4 g5 38. f4 h5 39. Rc6 gxf4 40.
Kc5 Ra7 41. Ra6 Rxa6 42. bxa6 Kc8 43. Kc6 Kb8 44. a7+ Kxa7 45. Kxc7 Ka6 46. Kd6
Kxa5 47. Kxe6 {abandon} 1-0

[Event "Championnat de la Loire 22-23"]
[Site "St Etienne"]
[Date "2022.10.08"]
[Round "3.3"]
[White "Revers, Adrien"]
[Black "Balaga, Michel"]
[Result "1-0"]
[WhiteElo "1717"]
[BlackElo "1840"]
[PlyCount "41"]
[EventDate "2022.??.??"]

1. e4 e6 2. d4 d5 3. e5 c5 4. c3 Nc6 5. Nf3 Qb6 6. a3 cxd4 7. cxd4 Be7 8. Be2
Nh6 9. b4 Nf5 10. Bb2 O-O 11. O-O Bd7 12. Qd3 f6 13. Nbd2 fxe5 14. dxe5 Be8 15.
Nb3 Bg6 16. Qd2 Rac8 17. Rac1 Nh4 18. Nxh4 Bxh4 19. Nc5 Bf7 20. Bg4 Rce8 21.
Kh1 {marquage incoherant} 1-0

[Event "Championnat de la Loire 22-23"]
[Site "St Etienne"]
[Date "2022.10.08"]
[Round "3.4"]
[White "De Muyser, Xavier"]
[Black "Tchalimian, Pascal"]
[Result "1-0"]
[WhiteElo "1539"]
[BlackElo "1915"]
[PlyCount "83"]
[EventDate "2022.??.??"]

1. c4 Nf6 2. Nc3 e6 3. g3 c6 4. d4 d5 5. Bg2 Bb4 6. cxd5 exd5 7. Nf3 O-O 8. O-O
Re8 9. Bg5 Nbd7 10. a3 Bd6 11. Qc2 h6 12. Bf4 Bxf4 13. gxf4 Nh5 14. e3 Ndf6 15.
Ne5 Ng4 16. Nf3 g6 17. Qd2 Bf5 18. h3 Ngf6 19. Ne5 Nd7 20. Kh2 Nxe5 21. fxe5
Qh4 22. Qe1 Kh7 23. f3 Qxe1 24. Rfxe1 Bc2 25. Rac1 Bb3 26. Ne2 Rad8 27. Rc3 Bc4
28. b3 Ba6 29. b4 Re7 30. a4 Bc4 31. Nc1 Ng7 32. Nb3 Nf5 33. Nd2 Ba6 34. Rb1
Bc4 35. b5 cxb5 36. axb5 Be2 37. b6 axb6 38. Rxb6 Rb8 39. Rb2 b5 40. f4 Rd7 41.
Ne4 Bc4 42. Nf6+ 1-0

[Event "Championnat de la Loire 22-23"]
[Site "St Etienne"]
[Date "2022.10.08"]
[Round "3.5"]
[White "Cursoux, Gerard"]
[Black "Doran, Niall"]
[Result "0-1"]
[WhiteElo "1808"]
[BlackElo "1698"]
[PlyCount "95"]
[EventDate "2022.??.??"]

1. e4 c5 2. d4 cxd4 3. c3 Nf6 4. e5 Nd5 5. Qxd4 e6 6. Nf3 d6 7. Bd3 Nc6 8. Qe4
Nxe5 9. Nxe5 dxe5 10. Qxe5 Qd6 11. Qe2 Be7 12. Na3 O-O 13. Nc4 Qc7 14. O-O b6
15. Ne5 Bb7 16. Re1 Rad8 17. a3 Bd6 18. Nf3 Rd7 19. Bg5 h6 20. c4 Nf4 21. Bxf4
Bxf4 22. Be4 Rfd8 23. Bxb7 Qxb7 24. Rad1 Qc7 25. g3 Bd6 26. Rd2 Be7 27. Red1
Rxd2 28. Rxd2 Rxd2 29. Nxd2 Bf6 30. Nf3 Qd6 31. Kg2 Kf8 32. Kf1 Ke7 33. Qc2 g6
34. a4 Qb4 35. b3 Qc3 36. Qxc3 Bxc3 37. Ke2 $11 37... Kd6 38. Kd3 Bb4 39. Nd4
a6 40. f3 Bc5 41. Ne2 Bf2 42. Nc3 f5 43. Ne2 e5 44. Nc3 Bg1 45. h3 Bf2 46. g4
fxg4 47. Ne4+ Ke7 48. Nxf2 {abandon} 0-1

[Event "Championnat de la Loire 22-23"]
[Site "St Etienne"]
[Date "2022.10.08"]
[Round "3.6"]
[White "Zaouak, Fahim"]
[Black "Frey, Thierry"]
[Result "0-1"]
[WhiteElo "1602"]
[BlackElo "1741"]
[PlyCount "86"]
[EventDate "2022.??.??"]

1. d4 Nf6 2. Nc3 g6 3. e4 d6 4. f3 Bg7 5. Bd3 O-O 6. Nge2 c6 7. Be3 e5 8. Qd2
a6 9. O-O-O b5 10. Ng3 h5 11. Nce2 exd4 12. Bh6 c5 13. Bxg7 Kxg7 14. Nf4 Nc6
15. Nf1 Ne5 16. h3 Be6 17. Nh2 Bxa2 18. g4 h4 19. Rhg1 c4 20. Nh5+ Nxh5 21.
gxh5 cxd3 22. Ng4 Rc8 23. Qh6+ Kg8 24. Rxd3 Nxd3+ 25. Kd2 Qa5+ 26. Kxd3 Bc4+
27. Kxd4 Qb6+ 28. Kc3 b4+ 29. Kd2 Qd4+ 30. Kc1 Qxg1+ 31. Kd2 Qd4+ 32. Kc1 Qg7
33. Qf4 gxh5 34. Nf6+ Kh8 35. Qxh4 Qg1+ 36. Kd2 Qd4+ 37. Kc1 Qe3+ 38. Kd1 Qe2+
39. Kc1 Qe3+ 40. Kd1 Qe2+ 41. Kc1 Qe3+ 42. Kd1 Be2+ 43. Ke1 Bxf3+ 0-1

[Event "Championnat de la Loire 22-23"]
[Site "St Etienne"]
[Date "2022.10.08"]
[Round "3.7"]
[White "Mondan, Fabrice"]
[Black "Philip, Sylvain"]
[Result "1-0"]
[WhiteElo "1199"]
[BlackElo "1713"]
[PlyCount "104"]
[EventDate "2022.??.??"]

1. c4 e6 2. g3 d5 3. cxd5 exd5 4. Bg2 Nf6 5. Nf3 Be7 6. d3 Nbd7 7. Nc3 c6 8. a3
O-O 9. O-O Re8 10. b4 Nf8 11. Bb2 Ng6 12. Rc1 Be6 13. Na4 Nd7 14. Nd4 Bf6 15.
Nxe6 fxe6 16. Qb3 Bxb2 17. Qxb2 Qf6 18. Qxf6 gxf6 19. Nc5 Nxc5 20. Rxc5 a6 21.
Rfc1 Ne7 22. Bh3 Kf7 23. f4 Nc8 24. Kf2 Nd6 25. a4 Re7 26. g4 Rae8 27. Bg2 e5
28. fxe5 Rxe5 29. e4 dxe4 30. Rxe5 Rxe5 31. d4 Rd5 32. Ke3 f5 33. Rc5 f4+ 34.
Kxf4 Rxd4 35. Ke5 Rd2 36. Bxe4 Nxe4 37. Kxe4 Rxh2 38. Rc4 Ke6 39. Kf4 Kd5 40.
Rc5+ Kd4 41. Rh5 Rf2+ (41... Rxh5 42. gxh5 a5 43. bxa5 c5 44. Kf3 Kd3) 42. Kg3
Rf7 43. Rc5 Kd3 44. g5 Rd7 45. Rc1 Rd5 46. Rc5 a5 (46... Rxc5 47. bxc5 Kc4 48.
a5 Kxc5 49. Kg4 Kd5 50. Kf5 c5 51. Kf6 Ke4 52. Kg7 Kf5) 47. Rxd5+ cxd5 48. b5
Ke3 49. Kg4 d4 50. Kh5 d3 51. Kh6 d2 52. Kxh7 d1=Q 1-0

[Event "Championnat de la Loire 22-23"]
[Site "St Etienne"]
[Date "2022.10.08"]
[Round "3.8"]
[White "Minchilli, Franco"]
[Black "Dussart, Philippe"]
[Result "1-0"]
[WhiteElo "1630"]
[BlackElo "1685"]
[PlyCount "77"]
[EventDate "2022.??.??"]

1. d4 d6 2. Nf3 Nf6 3. c3 Nbd7 4. Bf4 c6 5. e3 Qc7 6. Bg3 Ne4 7. Bh4 Ndf6 8.
Nbd2 Bf5 9. Nxe4 Nxe4 10. Bd3 h6 11. Qc2 d5 12. Nd2 Nxd2 13. Bxf5 Nc4 14. Bg3
Qb6 15. b3 Na3 16. Qd2 e6 17. Bd3 Be7 18. O-O O-O 19. Qe2 Nb5 20. Rac1 a5 21.
e4 Ba3 22. Rc2 Rfe8 23. Qg4 Bf8 24. e5 c5 25. Bf4 g5 26. h4 Be7 27. hxg5 Bxg5
28. Be3 Kf8 29. f4 cxd4 30. Bf2 Bd8 31. a4 Na3 32. Bxd4 Qxb3 33. Rcf2 Bb6 34.
f5 Bxd4 35. Qxd4 exf5 36. Rxf5 Re7 37. e6 Rc8 38. Rxf7+ Ke8 39. Qh8# 1-0

[Event "Championnat de la Loire 22-23"]
[Site "St Etienne"]
[Date "2022.10.08"]
[Round "3.9"]
[White "Martin, Julien"]
[Black "Lefevre, Ryan"]
[Result "0-1"]
[WhiteElo "1396"]
[BlackElo "1655"]
[PlyCount "27"]
[EventDate "2022.??.??"]

1. e4 e5 2. Nf3 Nc6 3. d4 exd4 4. Nxd4 Nf6 5. Nxc6 bxc6 6. Bd3 d5 7. exd5 Nxd5
8. O-O Be7 9. Nc3 O-O 10. Bg5 Be6 11. Qf3 h6 12. Bh4 g5 13. Bg3 Bg4 14. Qe3 {
d4 imposible} 0-1

[Event "Championnat de la Loire 22-23"]
[Site "St Etienne"]
[Date "2022.10.08"]
[Round "3.10"]
[White "Ben Kiran, Youssouf"]
[Black "Walter, Alain"]
[Result "0-1"]
[WhiteElo "1199"]
[BlackElo "1591"]
[PlyCount "25"]
[EventDate "2022.??.??"]

1. e4 e6 2. d4 d5 3. exd5 exd5 4. Nf3 Bd6 5. Nc3 Ne7 6. Bd3 O-O 7. Bg5 h6 8.
Bh4 Nf5 9. Bxf5 Bxf5 10. Nxd5 Re8+ 11. Ne3 Bg4 12. Qd3 Qe7 13. Bg3 {
partie incorectement note} 0-1

[Event "Championnat de la Loire 22-23"]
[Site "St Etienne"]
[Date "2022.10.08"]
[Round "3.11"]
[White "Lavisse, Christian"]
[Black "Mulot, Laurent"]
[Result "0-1"]
[WhiteElo "1510"]
[BlackElo "1392"]
[PlyCount "84"]
[EventDate "2022.??.??"]

1. e4 e5 2. f4 exf4 3. Nf3 Ne7 4. Bc4 Ng6 5. O-O d6 6. d4 Be7 7. Nc3 O-O 8. Nd5
Be6 9. Qd3 Bxd5 10. Bxd5 c6 11. Bb3 Nd7 12. Bd2 Nf6 13. Ng5 Ng4 14. Nh3 Ne3 15.
Bxe3 fxe3 16. Qxe3 Qb6 17. c3 c5 18. Rab1 Bf6 19. d5 Rfe8 20. Bc2 Re5 21. c4
Rae8 22. b3 Qb4 23. Nf4 Nxf4 24. Rxf4 Rf5 25. Qf3 Rxf4 26. Qxf4 Qc3 27. Rc1
Bd4+ 28. Kh1 Be3 29. Qf1 Bxc1 30. Qxc1 f5 31. Qb1 Qe3 32. h3 fxe4 33. g4 g6 34.
Kh2 Qf2+ 35. Kh1 e3 36. Bxg6 hxg6 37. Qxg6+ Kf8 38. Qh6+ Ke7 39. Qe6+ Kd8 40.
Qxd6+ Kc8 41. Qxc5+ Kb8 42. d6 Rh8 0-1

[Event "Championnat de la Loire 22-23"]
[Site "St Etienne"]
[Date "2022.10.08"]
[Round "3.12"]
[White "Vier, Serge"]
[Black "Barrandon, Georges"]
[Result "0-1"]
[WhiteElo "1505"]
[BlackElo "1325"]
[PlyCount "87"]
[EventDate "2022.??.??"]

1. d4 d5 2. c4 Nf6 3. cxd5 Nxd5 4. Nf3 Bg4 5. Ne5 Be6 6. e4 Nf6 7. Nc3 c6 8.
Be2 Qa5 9. Bd2 Qb6 10. Nf3 Bg4 11. Be3 Qxb2 12. Na4 Qb4+ 13. Bd2 Qa3 14. Qc2 e6
15. O-O Nxe4 16. Qxe4 Bxf3 17. Bxf3 Qxa4 18. Rfb1 Qa6 19. Be2 Qa3 20. Rxb7 Qd6
21. Bf4 Qd8 22. Rab1 Bd6 23. Bxd6 Qxd6 24. Bf3 O-O 25. Be2 Qd5 26. Qf4 Qd8 27.
Bf3 Qc8 28. Rc7 Qd8 29. Rbb7 Qe8 30. Qd6 a5 31. Re7 Qc8 32. Qf4 Nd7 33. Rbxd7
Rb8 34. h4 Rb1+ 35. Kh2 Qb8 36. Qxb8 Rbxb8 37. Bxc6 Rfc8 38. d5 h6 39. Ra7 Rd8
40. dxe6 Rd6 41. exf7+ Kh7 42. Re8 Rdd8 43. Rxd8 Rxd8 44. Ra8 0-1

[Event "Championnat de la Loire 22-23"]
[Site "St Etienne"]
[Date "2022.10.08"]
[Round "3.13"]
[White "Joly, Christian"]
[Black "Tarquini, Come"]
[Result "0-1"]
[WhiteElo "1428"]
[BlackElo "1239"]
[PlyCount "63"][EventDate "2022.??.??"]
1. d4 Nf6 2. Nf3 e6 3. e3 b6 4. Nbd2 Bb7 5. Be2 d6 6. O-O Nbd7 7. b3 Be7 8. Bb2
O-O 9. c4 c5 10. Rc1 Qc7 11. h3 a5 12. a3 h6 13. Re1 Qb8 14. Bd3 Re8 15. e4
cxd4 16. Nxd4 e5 17. Nf5 Nc5 18. Nxe7+ Rxe7 19. Bb1 Bc6 20. f3 Nh5 21. Nf1 Nf4
22. Ng3 Re6 23. Ne2 g5 24. Nxf4 gxf4 25. Qd2 {en oubliant le pion b3} Nxb3 26.
Qc2 Nxc1 27. Bxc1 Rg6 28. Re2 b5 29. c5 Qd8 30. cxd6 Rxd6 31. Re1 Rc8 32. Qe2
Qb6+ 33. Kh2 Bd7 34. Bb2 f6 35. Ba2+ Be6 36. Bb1 Qd8 37. Bc1 Bc4 38. Qc2 Kg7
0-1

[Event "Championnat de la Loire 22-23"]
[Site "St Etienne"]
[Date "2022.10.08"]
[Round "3.14"]
[White "Mathon, Sylvain"]
[Black "Campoy, Juan"]
[Result "1-0"]
[WhiteElo "1067"]
[BlackElo "1410"]
[PlyCount "63"]
[EventDate "2022.??.??"]

1. d4 d5 2. Bf4 Nc6 3. e3 e6 4. Nf3 Nf6 5. Bd3 Bd7 6. Nbd2 Bd6 7. Bg3 Nb4 8.
Qe2 a6 9. c3 Nxd3+ 10. Qxd3 O-O 11. O-O-O Bc6 12. Ne5 Bb5 13. c4 dxc4 14. Ndxc4
Nd5 15. b3 Qe7 16. Qc2 Rac8 17. Kb1 Bb4 18. Rd3 Bd6 19. Qd2 c5 20. Nxd6 Bxd3+
21. Qxd3 Qxd6 22. Ng6 Qc6 23. Nxf8 Rxf8 24. dxc5 Qxc5 25. Rc1 Qa3 26. Rc4 b5
27. Rd4 h6 28. e4 Rc8 29. Qd2 Nf6 30. Rd8+ Rxd8 31. Qxd8+ Kh7 32. Be5 1-0

[Event "Championnat de la Loire 22-23"]
[Site "St Etienne"]
[Date "2022.10.08"]
[Round "3.15"]
[White "Valette, Thomas"]
[Black "Trottet, Francois"]
[Result "1-0"]
[WhiteElo "1083"]
[BlackElo "1402"]
[PlyCount "60"]
[EventDate "2022.??.??"]

1. e4 c5 2. Nf3 d6 3. d4 cxd4 4. Nxd4 Nc6 5. Nc3 Nf6 6. Be3 g6 7. Nxc6 bxc6 8.
Qd2 Bg7 9. f3 Nd7 10. O-O-O a5 11. h4 O-O 12. h5 Ne5 13. hxg6 fxg6 14. Bh6 Rf7
15. Bxg7 Rxg7 16. f4 Nf7 17. Bc4 Bg4 18. Ne2 Qc7 19. Rh4 h5 20. f5 g5 21. Rdh1
Kh7 22. Bxf7 Rxf7 23. Qxg5 Bxe2 24. Qg6+ Kh8 25. Qxf7 Rg8 26. Re1 Bg4 27. Re3
Rg7 28. Qf8+ Kh7 29. Rg3 e6 30. Rgxg4 Qf7 1-0

[Event "Championnat de la Loire 22-23"]
[Site "St Etienne"]
[Date "2022.10.08"]
[Round "3.16"]
[White "Megnot, Philippe"]
[Black "Decerle, Maxime"]
[Result "0-1"]
[WhiteElo "1403"]
[BlackElo "1199"]
[PlyCount "54"]
[EventDate "2022.??.??"]

1. e4 e5 2. Nf3 d6 3. c3 Be7 4. d4 exd4 5. cxd4 Nf6 6. Nc3 O-O 7. Be2 c6 8. O-O
Bg4 9. Qc2 b5 10. a3 Nbd7 11. Bf4 Nb6 12. Rad1 a5 13. h3 Be6 14. Bh2 b4 15. Nb1
b3 16. Qd3 Bc4 17. Qe3 d5 18. e5 Ne4 19. Bxc4 Nxc4 20. Qc1 Ng5 21. Nxg5 Bxg5
22. f4 Be7 23. Nc3 c5 24. Ne2 cxd4 25. Kh1 Ne3 26. Rxd4 Nxf1 27. Qxf1 Rb8 0-1

[Event "Championnat de la Loire 22-23"]
[Site "St Etienne"]
[Date "2022.10.08"]
[Round "3.17"]
[White "Abdou, Ylyassa"]
[Black "Guevorguian, Garouch"]
[Result "1-0"]
[WhiteElo "1199"]
[BlackElo "1389"]
[PlyCount "65"]
[EventDate "2022.??.??"]

1. e4 c6 2. d4 d5 3. Nc3 g6 4. Nf3 Bg7 5. Be3 Bg4 6. Be2 Nf6 7. e5 Ne4 8. Nxe4
dxe4 9. Nd2 Bxe2 10. Qxe2 Nd7 11. Nxe4 Qa5+ 12. c3 O-O 13. h4 c5 14. f4 cxd4
15. Bxd4 Qd5 16. h5 Bh6 17. hxg6 fxg6 18. Rxh6 Rxf4 19. Ng5 Raf8 20. O-O-O Qxa2
21. Nf3 Nc5 22. Bxc5 Qa1+ 23. Kc2 Qa4+ 24. Kb1 Re4 25. Qc2 Qc6 26. Bxe7 Rff4
27. Bf6 Qb5 28. Rd8+ Kf7 29. Rxh7+ Ke6 30. Ng5+ Kf5 31. Nxe4 Rf1+ 32. Rd1 Ke6
33. Re7+ 1-0

[Event "Championnat de la Loire 22-23"]
[Site "St Etienne"]
[Date "2022.10.08"]
[Round "3.18"]
[White "Taillepierre, Michel"]
[Black "Duboeuf, Benoit"]
[Result "1-0"]
[WhiteElo "1267"]
[BlackElo "1199"]
[PlyCount "59"]
[EventDate "2022.??.??"]

1. e4 d5 2. Nc3 Nf6 3. e5 Ne4 4. d4 Nxc3 5. bxc3 c5 6. Nf3 Nc6 7. Bb5 Qb6 8.
Rb1 a6 9. Bxc6+ Qxc6 10. O-O Bg4 11. Rb2 Qg6 12. dxc5 Bh3 13. Nh4 Qe4 14. gxh3
Qxh4 15. Qg4 Qxg4+ 16. hxg4 e6 17. Rxb7 Bxc5 18. Be3 Bxe3 19. fxe3 O-O 20. Rfb1
g6 21. g5 Rac8 22. R1b3 Kg7 23. h4 h6 24. Kf2 hxg5 25. hxg5 Rh8 26. Ra7 Rh5 27.
Rbb7 Rf8 28. Rxa6 Rxg5 29. Rxe6 Rf5+ 30. Ke2 {coup erone} 1-0

[Event "Championnat de la Loire 22-23"]
[Site "St Etienne"]
[Date "2022.10.08"]
[Round "3.19"]
[White "Brachet, Gerard"]
[Black "Choquelle, Jean"]
[Result "1-0"]
[WhiteElo "1249"]
[BlackElo "1120"]
[PlyCount "28"]
[EventDate "2022.??.??"]

1. e4 e5 2. Nf3 Nc6 3. Bc4 Bb4 4. a3 Ba5 5. b4 Bb6 6. d3 h6 7. Bb2 Qe7 8. O-O
Nf6 9. Nbd2 d6 10. Ba2 O-O 11. Nc4 Bd4 12. c3 Bb6 13. Nxb6 axb6 14. b5 14...
Na5 {le fou est n'a pas bouger de puis le 7eme coup} 1-0

[Event "Championnat de la Loire 22-23"]
[Site "St Etienne"]
[Date "2022.10.08"]
[Round "3.20"]
[White "Soubeyran, Emilie"]
[Black "Ben Habchi, Nordine"]
[Result "0-1"]
[WhiteElo "1012"]
[BlackElo "1246"]
[PlyCount "90"]
[EventDate "2022.??.??"]

1. e4 c5 2. Nf3 e6 3. d4 cxd4 4. Nxd4 d5 5. Bb5+ Bd7 6. Bxd7+ Nxd7 7. exd5 Qa5+
8. Qd2 Qxd5 9. O-O Bc5 10. Nf3 Ngf6 11. Nc3 Qc6 12. Qd3 O-O 13. Re1 Rad8 14.
Ne4 Ne5 15. Nxf6+ gxf6 16. Nxe5 fxe5 17. Qg3+ Kh8 18. Qxe5+ Kg8 19. Bh6 f6 20.
Qg3+ Kf7 21. Qg7+ Ke8 22. Qxf8+ Bxf8 23. Bxf8 Kxf8 24. c3 Kf7 25. Re3 Rg8 26.
f3 Qb6 27. Rae1 Qxb2 28. R3e2 Qb6+ 29. Kf1 e5 30. h3 Qb5 31. Kf2 Qc5+ 32. Re3
f5 33. Kf1 Kf6 34. Rxe5 Qxe5 35. Rxe5 Kxe5 36. Kf2 Rc8 37. g4 Rxc3 38. gxf5
Kxf5 39. h4 Kf4 40. h5 Rxf3+ 41. Ke2 Ra3 42. Kd2 Rxa2+ 43. Kc3 Rh2 44. Kb4 Rxh5
45. Kc4 Re5 0-1

[Event "Championnat de la Loire 22-23"]
[Site "St Etienne"]
[Date "2022.10.08"]
[Round "3.21"]
[White "Mialon, Franck"]
[Black "Lamard, Laurent"]
[Result "0-1"]
[WhiteElo "1218"]
[BlackElo "1199"]
[Annotator "Admin"]
[PlyCount "45"]
[EventDate "2022.??.??"]

1. e4 c5 2. d4 cxd4 3. c3 dxc3 4. Bc4 e6 5. Nxc3 g6 6. Be3 Bg7 7. Bd4 e5 8. Be3
Nf6 9. Qe2 O-O 10. O-O-O a6 11. Bg5 h6 12. h4 Nc6 13. Nf3 b5 14. Bb3 d6 15. Bd5
Qc7 16. Bxf6 Bxf6 17. g4 Bxg4 18. Rdg1 Nd4 19. Qd2 Bxf3 (19... g5 20. Rxg4 Nxf3
21. Qd1 Nd2) (19... Bg5 20. hxg5 Nxf3 21. Qe2 Nxg1 22. Qxg4) 20. Rxg6+ Bg7 21.
Qxh6 Ne2+ 22. Kd2 Qxc3+ 23. bxc3 {abandon} 0-1

[Event "Championnat de la Loire 22-23"]
[Site "St Etienne"]
[Date "2022.10.08"]
[Round "3.22"]
[White "Turc, Didier"]
[Black "Fanget, Guy"]
[Result "1-0"]
[WhiteElo "1286"]
[BlackElo "1215"]
[PlyCount "74"]
[EventDate "2022.??.??"]

1. e4 e5 2. Nf3 Nc6 3. Nc3 Nf6 4. a3 d6 5. h3 Be7 6. Bc4 Bd7 7. Bb3 O-O 8. d4
Qc8 9. Be3 Nd8 10. Qd2 Re8 11. dxe5 dxe5 12. Nxe5 Bd6 13. Nxd7 Qxd7 14. Qd3 Ne6
15. O-O-O Nf8 16. f4 Nh5 17. e5 Qc6 18. Bd5 Qa6 19. Qxa6 bxa6 20. Bxa8 Rxa8 21.
exd6 cxd6 22. Rxd6 h6 23. Rhd1 Re8 24. Bc5 Ne6 25. Bxa7 Nhxf4 26. R1d2 Kh7 27.
Kb1 Ng5 28. Rxa6 Nge6 29. Bf2 Ng6 30. g3 Ne5 31. Ra7 Nf3 32. Rdd7 Ne5 33. Rd5
f6 34. Ne4 Kg6 35. Nc5 Ng5 36. h4 Ngf3 37. a4 Nc6 {la suite n'est plus lisible}
1-0

[Event "Championnat de la Loire 22-23"]
[Site "St Etienne"]
[Date "2022.10.08"]
[Round "3.23"]
[White "Duboeuf, Honore"]
[Black "Libiszewski, Christian"]
[Result "1-0"]
[WhiteElo "1009"]
[BlackElo "1253"]
[PlyCount "89"]
[EventDate "2022.??.??"]

1. e4 e6 2. d4 d5 3. e5 c5 4. Bb5+ Bd7 5. Bxd7+ Nxd7 6. Nf3 Ne7 7. O-O Nc6 8.
Bg5 Be7 9. Bxe7 Qxe7 10. b3 O-O 11. c4 cxd4 12. cxd5 exd5 13. Nxd4 Nxd4 14.
Qxd4 Qxe5 15. Qxe5 Nxe5 16. Nc3 Rfd8 17. Rfe1 f6 18. Rad1 d4 19. Nb5 Nc6 20.
Re4 d3 21. Re3 Ne5 22. f4 Ng6 23. g3 Kf7 24. Rdxd3 a6 25. Nd6+ Kf8 26. Nxb7
Rxd3 27. Rxd3 Ne7 28. a4 Kf7 29. Rd8 Rxd8 30. Nxd8+ Ke8 31. Nb7 Nc6 32. Nc5 Nb8
33. Kf2 Ke7 34. Ke3 Kd6 35. Kd3 Kc6 36. Kc4 g6 37. b4 g5 38. b5+ axb5+ 39.
axb5+ Kb6 40. Na4+ Ka5 41. Nc5 Kb6 42. Ne4 gxf4 43. gxf4 Nd7 44. Kb4 h6 45. h3
{abandon} 1-0

[Event "Championnat de la Loire 22-23"]
[Site "St Etienne"]
[Date "2022.10.08"]
[Round "3.24"]
[White "De Souza, Ivana Claudia Eyram"]
[Black "Belhadj, Jeremie"]
[Result "1-0"]
[WhiteElo "1231"]
[BlackElo "1199"]
[PlyCount "93"]
[EventDate "2022.??.??"]

1. e4 d5 2. exd5 Nf6 3. Nf3 Qxd5 4. Nc3 Qd8 5. Bc4 Nc6 6. d4 e6 7. O-O Bb4 8.
Qd3 O-O 9. Bg5 Bxc3 10. Qxc3 h6 11. Bh4 g5 12. Bg3 Ne4 13. Qe3 Nxg3 14. fxg3
Nb4 15. Qe2 Qd6 16. c3 Nc6 17. Nd2 f5 18. Rf2 Bd7 19. Raf1 Kg7 20. Bd3 Rae8 21.
Nc4 Qd5 22. a4 Na5 23. b4 Nxc4 24. Bxc4 Qc6 25. Qe5+ Kg6 26. Bb5 Qd6 27. Qxd6
cxd6 28. Bxd7 Re7 29. Bb5 a6 30. Bd3 Rc7 31. c4 Rd7 32. g4 Rdf7 33. gxf5+ exf5
34. Re1 Rf6 35. Re7 b6 36. Rb7 Re8 37. Re2 Rxe2 38. Bxe2 Re6 39. Kf2 Re4 40. d5
Rf4+ 41. Ke1 Rh4 42. h3 g4 43. hxg4 fxg4 44. Rxb6 g3 45. Rxd6+ Kg5 46. b5 Rh1+
47. Bf1 1-0